| 000 | 00591nam a22002177a 4500 | ||
|---|---|---|---|
| 999 |
_c522575 _d522575 |
||
| 003 | NUST | ||
| 005 | 20190313052230.0 | ||
| 008 | 181113b ||||| |||| 00| 0 eng d | ||
| 038 | _awaseem | ||
| 040 | _aNUST | ||
| 082 |
_a150.1986 _bSHA |
||
| 100 |
_aShah, Qasim Ali _912591 |
||
| 245 |
_aApni Talash / _cQasim Ali Shah |
||
| 260 |
_aLahore : _bNai Soch, _c2017. |
||
| 300 | _a176 p. ; | ||
| 500 | _aHardcover. | ||
| 880 |
_6100-01\r _aقاسم علی شاہ |
||
| 880 |
_6245-02\r _aاپنی تلاش |
||
| 880 |
_6260-03\r _aلاہور : _bنی۫ سوج، _c2017. |
||
| 942 |
_2ddc _cBK |
||